000 00978nam a2200289 4500
003 OSt
005 20260530113854.0
008 260508b19721973NK ||||| |||| 00| 0 eng d
040 _aICI
_bSPA
_cICI
050 _aGF75
_b.B58 1972
110 _aThe Ecologist.
_931533
245 1 0 _aA blueprint for survival /
264 1 _aGreat Britain :
_bThe Ecologist,
_c1972
300 _a139 páginas :
_bilustraciones
336 _atexto
_2rdacontent
337 _asin medio
_2rdamedia
338 _avolumen
_2rdacarrier
500 _aPublicación dedicada al análisis de la crisis ecológica y propuestas para la supervivencia ambiental y social.
650 _aEcología humana.
_931534
650 _aMedio ambiente
_xProtección.
_931535
650 _aDesarrollo sostenible.
_931536
650 _aCrisis ambiental.
_931537
650 _aRecursos naturales
_xConservación.
_931538
650 _aPolítica ambiental.
_931539
710 _aPenguin Books
_931540
942 _2lcc
_cBK
_n1
999 _c11558
_d11558